000 00709nam a2200241Ia 4500
003 OSt
005 20220923212406.0
006 a|||||r|||| 00| 0
007 ta
008 220922b |||||||| |||| 00| 0 hin d
024 _a152,598
037 _cTextual
040 _aARTS
_cARTS
_bhin
041 _2hin
_ahin
082 _aNT44, 152K8
100 _aगार्गी, बलवंत
245 0 _aरंगमंच
246 _aRangahincha
260 _aदिल्ली
_b राजकमल प्रकाशन
_c1968
650 _aभारतीय सिनेमा
942 _hNT44, 152K8
_cTEXL
_2CC
999 _c308247
_d308247